1151 1875 1872 1916 1366 1933 1142 1625 1167 1019 1729 1018 1327 1827 1696 1061 1010 1765 1192 1596 1607 1557 1663 1445 1290 1989 1740 1605 1728 1120 1509 1271 1118 1402 1717 1868 1527 1073 1606 1019 1984 1917 1015 1791 1953 1167 1093 1981 1475 1522 1381 1515 1815 1097 1106 1317 1125 1814 1754 1885 1516 1168 1491 1821 1533 1157 1733 1822 1260 1968 1035 1458 1517 1301 1876 1979 1237 1000 1296 1695 1164 1743 1524 1444 1483 1152 1696 1679 1881 1484 1165 1148 1609 1131 1972 1735 1678 1033 1041 BCNSPRNW ULIB Ver.6.0+V

เปลี่ยนเป็นภาษาไทย

Change to English
 แสดงรายละเอียดบรรณานุกรม
  กลับหน้าหลัก

Brief Record : Get Marc (ISO 2709) : E-mail record : QR code < ปิดหน้าต่าง
LEADER : 00000nam 2200000uu 4500
001    13399110968
003     ULIB
008    110614s||||||||th 000 0 tha d
020    9789741080595
050  4 AC158^bค451ว 2551
100 1  ฮยอนมิน, คิม
245 10 วิทยาศาสตร์ฉลาดรู้ เรื่อง ไฟฟ้าและเคลื่อนแม่เหล็ก /^cคิมฮยอนมิน, เรื่องและภาพ ; คิวัสว์ สุรกิจบวร, แปล
250    พิมพ์ครั้งที่ 1
260    กรุงเทพฯ :^bอัมรินทร์คอมมิกส์,^c2551
300    197 หน้า :^bภาพประกอบ ;^c21 ซม.
440  0 ชุดวิทยาศาสตร์ฉลาดรู้ ;^vลำดับที่ 14
650  7 การ์ตูน
650  7 ไฟฟ้า^xวรรณกรรมสำหรับเด็ก
650  7 คลื่นแม่เหล็กไฟฟ้า
650  7 วรรณกรรมเกาหลี
650  7 วรรณกรรมสำหรับเด็ก
700 0  คิวัสว์ สุรกิจบวร,^eผู้แปล
945    ^p199^l0^i024357
995    ทศพร
999 ^a ใช้งานได้ทุกระบบ
รายการนี้ยังไม่มีแท็ก
คุณยังไม่ได้ล็อกอิน คุณสามารถมีกิจกรรมร่วมกับเว็บไซต์ได้ แต่ต้องล็อกอินก่อน ::
  ล็อกอิน

รายการสื่อสารสนเทศ

ลำดับที่ ประเภท เลขเรียก/บาร์โค้ด สถานที่ สถานะ
- ไม่พบข้อมูล -

รายการใกล้เคียง
    ผู้แต่ง [ฮยอนมิน, คิม]

    หัวเรื่อง [การ์ตูน]
    หัวเรื่อง [คลื่นแม่เหล็กไฟฟ้า]
    หัวเรื่อง [วรรณกรรมเกาหลี]
    หัวเรื่อง [วรรณกรรมสำหรับเด็ก]

BibComment


ยังไม่เคยถูกคอมเมนท์

คอมเมนท์ทรัพยากรรายการนี้
  คอมเมนท์: วิทยาศาสตร์ฉลาดรู..


 Copyright 2026. Bcnsprnw @Library